Gaming Quiz

Random Gaming or Animation Quiz

Video Games by Animated TV Series Quiz Stats

Quiz Updated Oct 8, 2012

Challenge
Share
Tweet
Score 0/20 Timer 04:00
10 Plays Today
# Game % Correct
Super Mario World
99.4%
Pokémon
97.9%
Sonic X
97.3%
Kirby: Right Back at Ya!
82.3%
Mega Man
74.6%
The Legend of Zelda
72.9%
Street Fighter
67.6%
Mortal Kombat: Defenders of the Realm
66.1%
Where on Earth Is Carmen Sandiego?
57.8%
Pac-Man: The Animated Series
55%
# Game % Correct
Earthworm Jim
52.2%
Bomberman Jetters
49.8%
Battletoads
44.2%
Captain N: The Game Master
43.9%
Saturday Supercade (Q*bert)
36.2%
Devil May Cry: The Animated Series
34.2%
Double Dragon
29.3%
PaRappa the Rapper: The Animated Series
29.2%
Viewtiful Joe
25.4%
Dragon's Lair
16.2%

You're not logged in!

Compare scores with friends on all Sporcle quizzes.
Join for Free
OR
Log In

You Might Also Like...

Show Comments

Extras

Top Quizzes Today


Score Distribution

Your Account Isn't Verified!

In order to create a playlist on Sporcle, you need to verify the email address you used during registration. Go to your Sporcle Settings to finish the process.

Report this User

Report this user for behavior that violates our Community Guidelines.

Details: